000 00667nam a2200217Ia 4500
003 GCL
008 140319s9999 xx 000 0 ara d
040 _aGCL /
_cGCL
082 0 4 _a322.4
_bف ح
100 1 _aفرج فودة
245 1 0 _aحوار حول العلمانية /
_cفرج فودة
260 _a[S.N] :
_bالهيئة المصرية العامة للكتاب ،
_c1992
300 _a166 ص
490 _a
650 0 4 _aالاسلام والمجتمع
650 0 4 _aالارهاب
650 0 4 _aالاسلام والاصلاح الاجتماعى
650 0 4 _aالعلمانية
650 0 4 _aالاسلام والسياسة
942 _2ddc
_cBK
999 _c36024
_d36024